Midnight Oil Albums on the Billboard 200 (USA) Chart - Statistics

General Stats
  • This quiz has been taken 40 times
  • The average score is 5 of 7
Answer Stats
Chart Position, Year Answer % Correct
178, 1984 10, 9, 8, 7, 6, 5, 4, 3, 2, 1
85%
21, 1988 Diesel and Dust
85%
20, 1990 Blue Sky Mining
73%
49, 1993 Earth and Sun and Moon
69%
177, 1985 Red Sails in the Sunset
65%
155, 1996 Breathe
54%
141, 1992 Scream in Blue: Live
50%
No matching quizzes found
Score Distribution
Percent of People with Each Score
Percentile by Number Answered
Your Score History
You have not taken this quiz